[Event "Wch U14 Girls"]
[Site "Khanty-Mansiysk"]
[Date "2016.09.29"]
[Round "7"]
[White "Idirisinghe, IMNH"]
[Black "Gomes, Maria Eduarda Papin"]
[Result "0-1"]
[WhiteElo "1436"]
[BlackElo "1569"]
[PlyCount "82"]
[EventDate "2016.09.22"]
[EventType "swiss"]
[EventRounds "11"]
[EventCountry "RUS"]
[SourceTitle "EXT 2017"]
[Source "ChessBase"]
[SourceDate "2016.10.25"]
[SourceVersion "1"]
[SourceVersionDate "2016.10.25"]
[SourceQuality "1"]

1. e4 d5 2. exd5 Qxd5 3. Nc3 Qa5 4. d4 c6 5. Nf3 Nf6 6. Bd2 Qc7 7. Bc4 Bf5 8. Ne5 e6 9. Bf4 Bd6 10. Bg3 0-0 11. Qe2 Nbd7 12. 0-0-0 Nb6 13. Bd3 Bxd3 14. Qxd3 Nbd5 15. a3 Nxc3 16. Qxc3 Nd5 17. Qf3 c5 18. Nc4 Bxg3 19. hxg3 cxd4 20. Rxd4 b5 21. Rdh4 Nf6 22. Ne3 Rac8 23. c3 Qc6 24. Qe2 Qc5 25. Ng4 Nxg4 26. Rxg4 Qf5 27. Rgh4 h6 28. Rh5 Qg6 29. Rxb5 Rb8 30. Rxb8 Rxb8 31. Rd1 Qg5+ 32. Qd2 Qb5 33. Qc2 Qb7 34. f3 Qb5 35. g4 Qg5+ 36. Kb1 Qb5 37. Rd2 Qb6 38. Qd1 Kh7 39. Qc2+ Kg8 40. Rd4 a6 41. Qd1 Qxb2# 0-1